LEADER 01112nam a2200241 i 4500 001 991003166419707536 005 20020503184317.0 008 970609s1995 it ||| | ita 035 $ab10467348-39ule_inst 035 $aEXGIL116269$9ExL 040 $aBiblioteca Interfacoltà$bita 100 1 $aPizzoli, Ugo$0110212 245 10$aIstrumenti ed apparecchi di psicometria, di psicologia pedagogica e di pedagogia emendativa ideati dal dott. Ugo Pizzoli /$ca cura di Mario Gandini 260 $aS. Giovanni in Persiceto :$bComune di S. Giovanni in Persiceto,$c1995 300 $a30 p., 20 c. di tav. ;$c24x34 cm. 500 $aSuppl. a: Strada maestra ; n. 36-37, 1994. 700 1 $aGandini, Mario 907 $a.b10467348$b02-04-14$c27-06-02 912 $a991003166419707536 945 $aLE002 Ar. II B 32$g1$i2002000977281$lle002$o-$pE0.00$q-$rl$s- $t0$u0$v0$w0$x0$y.i10540428$z27-06-02 996 $aIstrumenti ed apparecchi di psicometria, di psicologia pedagogica e di pedagogia emendativa ideati dal dott. Ugo Pizzoli$9222483 997 $aUNISALENTO 998 $ale002$b01-01-97$cm$da $e-$fita$git $h0$i1 LEADER 02020oam 2200541M 450 001 9910716158303321 005 20200213070920.1 035 $a(CKB)5470000002518531 035 $a(OCoLC)1065606852 035 $a(OCoLC)995470000002518531 035 $a(EXLCZ)995470000002518531 100 $a20071213d1926 ua 0 101 0 $aeng 135 $aurcn||||||||| 181 $ctxt$2rdacontent 182 $cc$2rdamedia 183 $acr$2rdacarrier 200 10$aLegal representative of the estate of Haller Nutt, deceased. February 1 (calendar day, February 3), 1926. -- Ordered to be printed 210 1$a[Washington, D.C.] :$c[U.S. Government Printing Office],$d1926. 215 $a1 online resource (7 pages) 225 1 $aSenate report / 69th Congress, 1st session. Senate ;$vno. 129 225 1 $a[United States congressional serial set] ;$v[serial no. 8527] 300 $aBatch processed record: Metadata reviewed, not verified. Some fields updated by batch processes. 300 $aFDLP item number not assigned. 517 $aLegal representative of the estate of Haller Nutt, deceased. February 1 606 $aClaims 606 $aMalicious mischief 606 $aVandalism 606 $aJudicial opinions 606 $aRequisitions, Military 606 $aWar damage compensation 607 $aUnited States$xHistory$yCivil War, 1861-1865 608 $aLegislative materials.$2lcgft 615 0$aClaims. 615 0$aMalicious mischief. 615 0$aVandalism. 615 0$aJudicial opinions. 615 0$aRequisitions, Military. 615 0$aWar damage compensation. 701 $aBayard$b Thomas F$g(Thomas Francis),$f1868-1942$pDemocrat (DE)$01386175 801 0$bWYU 801 1$bWYU 801 2$bOCLCO 801 2$bOCLCQ 906 $aBOOK 912 $a9910716158303321 996 $aLegal representative of the estate of Haller Nutt, deceased. February 1 (calendar day, February 3), 1926. -- Ordered to be printed$93541858 997 $aUNINA LEADER 02402nam 2200613Ia 450 001 9910784497903321 005 20230421043818.0 010 $a0-8166-8866-4 035 $a(CKB)1000000000346999 035 $a(EBL)310430 035 $a(OCoLC)476094521 035 $a(SSID)ssj0000265776 035 $a(PQKBManifestationID)11226956 035 $a(PQKBTitleCode)TC0000265776 035 $a(PQKBWorkID)10301267 035 $a(PQKB)11008584 035 $a(MiAaPQ)EBC310430 035 $a(OCoLC)239885814 035 $a(MdBmJHUP)muse39980 035 $a(Au-PeEL)EBL310430 035 $a(CaPaEBR)ebr10151106 035 $a(CaONFJC)MIL522594 035 $a(EXLCZ)991000000000346999 100 $a19980303d1998 ub 0 101 0 $aeng 135 $aurcn||||||||| 181 $ctxt 182 $cc 183 $acr 200 10$aUrban exile$b[electronic resource] $ecollected writings of Harry Gamboa, Jr. /$fHarry Gamboa, Jr. ; edited by Chon A. Noriega 210 $aMinneapolis $cUniversity of Minnesota Press$dc1998 215 $a1 online resource (564 p.) 300 $aDescription based upon print version of record. 311 $a0-8166-3052-6 311 $a0-8166-3051-8 320 $aIncludes bibliographical references. 327 $aContents; Author's Acknowledgments; Editor's Acknowledgments; No Introduction; Essays and Interviews; No Movies; Performance; Fiction; Poetry 330 $aHarry Gamboa Jr. has pioneered multimedia formats for nearly three decades, setting a precedent for the work of artists such as Coco Fusco, Guillermo Go?mez-Pen?a, and Daniel J. Martinez. Urban Exile gathers Gamboa's diverse creations in a visually compelling collection that reveals a rich vein of Chicano avant-garde production reaching back to the early 1970's. 606 $aMexican Americans$zCalifornia$zLos Angeles$vLiterary collections 606 $aCity and town life$zCalifornia$zLos Angeles$vLiterary collections 607 $aLos Angeles (Calif.)$vLiterary collections 615 0$aMexican Americans 615 0$aCity and town life 676 $a818.54 676 $a818/.5409 700 $aGamboa$b Harry$01502294 701 $aNoriega$b Chon A.$f1961-$01502295 801 0$bMiAaPQ 801 1$bMiAaPQ 801 2$bMiAaPQ 906 $aBOOK 912 $a9910784497903321 996 $aUrban exile$93729967 997 $aUNINA